000 01157nam0a2200289 4500
001 RU\NLR\b_ik\153878
005 20260407145244.0
035 _a(NLR Aleph) 002226887
090 _a3374646
_c3374646
100 _a20061116d2006 |||y0rusy50 ca
101 0 _aeng
102 _aRU
105 _aa |||||||||
200 1 _aRussian film industry, 2001-2006
_fCTC Media, Open Russ. film festival "Kinotavr"
_g[Daniil Dondureyi, Natalia Venger]
210 _aMoscow
_cCTC Media
_cNFSOK "Kinotavr"
_d2006
215 _a119 с.
_cил.
_d21
313 _aДемонстрация российских кинофильмов
541 0 _aРоссийская киноиндустрия 2001-2006
_zrus
606 1 _aКиноискусство
_yРоссийская Федерация
_z2001 - 2006
_92460122
_3RU\NLR\AUTH\661461887
686 4 _aЩ373(2Р)7
702 1 _aDondurej
_bD. B.
_gDaniil Borisovič
_4220
712 0 2 _4570
_8eng
_a"Kinotavr", open Russian film festival
_7ba
_3RU\NLR\AUTH\8810088974
_9679478
801 0 _aRU
_bNLR
_c20061116
_gPSBO
942 _cBOOK
980 _aNB